Comportements du consommateur concepts et outils

Gespeichert in:
Bibliographische Detailangaben
1. Verfasser: Darpy, Denis
Format: Buch
Sprache:Französisch
Veröffentlicht: Paris DUNOD 2012
Ausgabe:3. éd.
Schriftenreihe:Management SUP
Schlagworte:
Tags: Tag hinzufügen
Keine Tags, Fügen Sie das erste Tag hinzu!

MARC

LEADER 00000nam a2200000 4500
001 0167695
005 20240226090535.2
020 |a 978-2-10-057724-8 
041 0 |a fre 
044 |a FR 
245 1 0 |a Comportements du consommateur  |b concepts et outils  |c Denis Darpy 
250 |a 3. éd. 
264 1 |a Paris  |b DUNOD  |c 2012 
300 |a viii, 372 s. 
490 1 |a Management SUP 
830 0 |a Management SUP 
610 2 0 |a spotrebitelia 
610 2 0 |a správanie spotrebiteľa 
100 1 |a Darpy, Denis